Schnelle Mathematik - Potenzrechnen Level 01 - Statistiken

Allgemein
  • Dieses Quiz wurde 258 mal gespielt
  • Das Durchschnittsergebnis liegt bei 19 aus 20
Antwortstatistiken
Zahl Ergebnis % Korrekt
0
100%
1
100%
1
100%
1
100%
16
100%
2
100%
4
100%
4
100%
49
100%
6
100%
64
100%
7
100%
8
100%
9
100%
0
98%
6⁰ 1
98%
10¹ 10
98%
10² 100
98%
10³ 1000
98%
3
98%
2⁵ 32
98%
36
98%
5
98%
8
98%
81
98%
8⁰ 1
97%
0
96%
2⁰ 1
96%
7⁰ 1
96%
125
96%
2⁴ 16
96%
25
96%
64
96%
5⁰ 1
95%
9
95%
10⁰ 1
94%
27
94%
1⁰ 1
93%
3⁰ 1
91%
4⁰ 1
90%
9⁰ 1
90%
Keine übereinstimmenden Quizze gefunden
Verteilung der Resultate
Anzahl Personen mit jedem Resultat
Perzentil nach korrekt beantworteten Fragen
Ihre Resultats-Entwicklung
Sie haben dieses Quiz noch nicht gespielt